Avengers movie year - Statistics

General Stats
  • This quiz has been taken 47 times
  • The average score is 30 of 33
Answer Stats
Movie Year % Correct
Iron Man 2010
98%
The Incredible Hulk 2010
98%
Iron Man 2 2011
98%
Thor 2011
98%
The Avengers 2012
93%
Iron Man 3 2012
93%
Thor: The Dark World 2013
93%
Captain America: The Winter Soldier 2014
93%
Guardians of the Galaxy 2014
93%
Guardians of the Galaxy: Volume 2 2014
93%
Avengers: Age of Ultron 2015
93%
Ant Man 2015
93%
Captain America: Civil War 2016
93%
Black Panther 2016
93%
Black Widow 2016
93%
Spider Man: Homecoming 2016
93%
Doctor Strange 2016
93%
Thor: Ragnarok 2017
93%
Ant Man and The Wasp 2018
93%
Avengers: Infinity War 2018
93%
Avengers: Engame 2023
91%
The Eternals 2023
91%
Spider Man: Far From Home 2024
91%
Shang Chi and the Legend of Ten Rings 2024
91%
Spider Man: No Way Home 2024
91%
Doctor Strange and the Multiverse of Madness 2025
89%
Thor: Love and Thunder 2025
89%
The Marvels 2026
89%
Ant Man: Quantumania 2026
89%
Guardians of The Galaxy: Volume 3 2026
89%
Black Panther: Wakanda Forever 2026
89%
Captain Marvel 1995
70%
Captain America: The first Avenger 1945
61%
No matching quizzes found
Score Distribution
Percent of People with Each Score
Percentile by Number Answered
Your Score History
You have not taken this quiz